=LDR 00000nam 2200000 4500 =001 001008 =005 20250712024411 =035 ##$$a 0010-0725000887 =007 ta =008 250712################a##########0#ind## =020 ##$$a 978-623-118-796-3 =082 ##$$a 398. 209 598 =084 ##$$a 398. 209 598 PUT h =100 #$$a Putri, Ayu Dianita Kurnia =245 1#$$a Hai, Tirta! /$c Ayu Dianita Kurnia Putri =250 ##$$a Cetakan Pertama =260 ##$$a Jakarta Timur :$b Badan Pengembangan dan Pembinaan Bahasa,$c 2024 =300 ##$$a 28 hlm. : $b Ilus. ; $c 29,7 cm =650 #4$$a Cerita Anak-Indonesia =650 #4$$a Kesusastraan Anak =990 ##$$a TBM2024006251